Normal view
MARC view
- Laborde, E. D.
Entry Personal Name
001 - CONTROL NUMBER
- control field: 8235
003 - CONTROL NUMBER IDENTIFIER
- control field: OSt
005 - DATE AND TIME OF LATEST TRANSACTION
- control field: 20170525150718.0
008 - FIXED-LENGTH DATA ELEMENTS
- fixed length control field: 170525|| aca||aabn | a|a d
040 ## - CATALOGING SOURCE
- Original cataloging agency: OSt
- Transcribing agency: OSt
100 ## - HEADING--PERSONAL NAME
- Personal name: Laborde, E. D.
- Fuller form of name: (Edward Dalrymple),
- Dates associated with a name: 1890-,
- Relator term: tr.
670 ## - SOURCE DATA FOUND
- Source citation: Work cat.: (OSt)0: Robequain, Charles, 1897- 8230, Malaya, Indonesia, Borneo, and the Philippines :, 1954

PORTAL AKMAL
E-MEL JKDM
AKMAL2U
G-BAM
u-PUSTAKA